000 00451nam a2200145Ia 4500
008 100122s9999 xx 000 0 und d
082 _b43546
_a823.08
100 _aराजे शैलजा
245 _aआसवांची पालखी
260 _bमनोरमा प्रकाशन
_c1990
300 _a174
630 _aआसवांची पालखी
730 _aआसवांची पालखी
942 _cBOOK
999 _c423574
_d423571